[Event "AUT-chT2O 2223"]
[Site "Austria"]
[Date "2023.04.23"]
[Round "11.3"]
[White "Miazhynski, Michael"]
[Black "Hofmann, Thomas"]
[Result "1/2-1/2"]
[WhiteElo "2124"]
[BlackElo "2173"]
[PlyCount "114"]
[EventDate "2022.10.15"]
[EventType "team-tourn"]
[EventRounds "11"]
[EventCountry "AUT"]
[SourceTitle "EXT 2024"]
[Source "ChessBase"]
[SourceDate "2023.10.10"]
[SourceVersion "1"]
[SourceVersionDate "2023.10.10"]
[SourceQuality "1"]
[WhiteTeam "Kottingbrunn"]
[BlackTeam "Mistelbach/Altlichtenwarth"]
[WhiteTeamCountry "AUT"]
[BlackTeamCountry "AUT"]

1. e4 e5 2. Nf3 Nc6 3. Bc4 Nf6 4. d3 Be7 5. c3 0-0 6. Bb3 d6 7. 0-0 Na5 8. Bc2 c5 9. d4 cxd4 10. cxd4 Nc6 11. h3 Bd7 12. Nc3 Re8 13. Be3 h6 14. Rc1 Bf8 15. a3 Na5 16. Bd3 exd4 17. Nxd4 Rc8 18. Qe2 a6 19. b4 Nc6 20. f4 Nxd4 21. Bxd4 Bc6 22. Qf3 b5 23. Kh1 Qe7 24. Rfe1 g6 25. Bb1 Bg7 26. Rcd1 Qb7 27. Re3 Re7 28. Bxf6 Bxf6 29. Rxd6 Bg7 30. Qe2 Bxc3 31. Rxc3 Bxe4 32. Rxc8+ Qxc8 33. Bxe4 Qc1+ 34. Rd1 Rxe4 35. Rxc1 Rxe2 36. Rc6 Re6 37. Rxe6 fxe6 38. Kh2 Kf7 39. Kg3 Kf6 40. Kf3 e5 41. Ke4 exf4 42. Kxf4 h5 43. Ke4 h4 44. Kd5 Kf5 45. Kc6 Kf4 46. Kb6 Kg3 47. Kxa6 Kxg2 48. Kxb5 Kxh3 49. Ka5 g5 50. b5 g4 51. b6 g3 52. b7 g2 53. b8Q g1Q 54. Qc8+ Qg4 55. Qc3+ Qg3 56. Qc8+ Kg2 57. Qc2+ Kf3 1/2-1/2

[Event "AUT-chT2O 2223"]
[Site "Austria"]
[Date "2023.04.22"]
[Round "10.4"]
[White "Hofmann, Thomas"]
[Black "Wiedner, Robert"]
[Result "1-0"]
[WhiteElo "2173"]
[BlackElo "2109"]
[PlyCount "73"]
[EventDate "2022.10.15"]
[EventType "team-tourn"]
[EventRounds "11"]
[EventCountry "AUT"]
[SourceTitle "EXT 2024"]
[Source "ChessBase"]
[SourceDate "2023.10.10"]
[SourceVersion "1"]
[SourceVersionDate "2023.10.10"]
[SourceQuality "1"]
[WhiteTeam "Mistelbach/Altlichtenwarth"]
[BlackTeam "Mattersburg"]
[WhiteTeamCountry "AUT"]
[BlackTeamCountry "AUT"]

1. d4 Nf6 2. c4 e6 3. Nc3 b6 4. e4 Bb4 5. Bd3 Bb7 6. Qc2 c5 7. d5 d6 8. Nge2 Nbd7 9. 0-0 Bxc3 10. Qxc3 e5 11. Ng3 g6 12. f4 Qe7 13. fxe5 Nxe5 14. Bg5 Nxd5 15. Bxe7 Nxc3 16. Bf6 Nxd3 17. Bxh8 Nxe4 18. Nxe4 Bxe4 19. Bf6 Kd7 20. Rad1 Re8 21. Rd2 Re6 22. g4 h5 23. h3 Kc6 24. Kh2 b5 25. cxb5+ Kxb5 26. g5 d5 27. b3 a6 28. Kg3 Ne5 29. h4 Ng4 30. Bg7 Bf5 31. Rxf5 gxf5 32. Rxd5 Ne3 33. Rd7 Kc6 34. Rxf7 Kd5 35. Kf3 Re4 36. Bf8 Nc2 37. Rxf5+ 1-0

[Event "AUT-chT2O 2223"]
[Site "Austria"]
[Date "2023.01.22"]
[Round "7.5"]
[White "Rogetzer, Klaus"]
[Black "Hofmann, Thomas"]
[Result "1/2-1/2"]
[WhiteElo "2004"]
[BlackElo "2173"]
[PlyCount "103"]
[EventDate "2022.10.15"]
[EventType "team-tourn"]
[EventRounds "11"]
[EventCountry "AUT"]
[SourceTitle "CBM 213 Extra"]
[Source "ChessBase"]
[SourceDate "2023.05.31"]
[SourceVersion "1"]
[SourceVersionDate "2023.05.31"]
[SourceQuality "1"]
[WhiteTeam "Wien Austria"]
[BlackTeam "Mistelbach/Altlichtenwarth"]
[WhiteTeamCountry "AUT"]
[BlackTeamCountry "AUT"]

1. d4 Nf6 2. Nc3 c5 3. d5 g6 4. e4 d6 5. Bb5+ Nfd7 6. Be2 Bg7 7. Nf3 0-0 8. 0-0 Na6 9. Bf4 Nc7 10. Qd2 Re8 11. Rfe1 a6 12. a4 Rb8 13. Rab1 b5 14. axb5 Nxb5 15. Nxb5 axb5 16. b4 c4 17. Nd4 Qc7 18. c3 e5 19. dxe6 fxe6 20. Nf3 Ne5 21. Nxe5 dxe5 22. Bg5 Bb7 23. f3 Bc6 24. Red1 Ra8 25. Qd6 Qb6+ 26. Kf1 h6 27. Bh4 g5 28. Bf2 Qb7 29. Ra1 Bf8 30. Qxe5 Bg7 31. Qc5 Bxc3 32. Rxa8 Rxa8 33. h4 gxh4 34. Bxh4 Bg7 35. Qd6 Qc8 36. Qg3 Qf8 37. Qg4 Re8 38. Bg3 Qf6 39. e5 Qf7 40. Rd6 Bd5 41. Rb6 Qd7 42. Ra6 Rc8 43. Bf2 Kh8 44. Qg6 Qe8 45. Qxe8+ Rxe8 46. Bd4 Bf8 47. Bc3 Ra8 48. Rxa8 Bxa8 49. Kf2 Be7 50. Bd1 Bd8 51. Ke3 Kg7 52. Bc2 1/2-1/2

[Event "AUT-chT2O 2223"]
[Site "Austria"]
[Date "2022.10.15"]
[Round "1.5"]
[White "Hofmann, Thomas"]
[Black "Ernst, Robert"]
[Result "1/2-1/2"]
[WhiteElo "2173"]
[BlackElo "2051"]
[PlyCount "51"]
[EventDate "2022.10.15"]
[EventType "team-tourn"]
[EventRounds "11"]
[EventCountry "AUT"]
[SourceTitle "EXT 2024"]
[Source "ChessBase"]
[SourceDate "2023.10.10"]
[SourceVersion "1"]
[SourceVersionDate "2023.10.10"]
[SourceQuality "1"]
[WhiteTeam "Mistelbach/Altlichtenwarth"]
[BlackTeam "Pressbaum"]
[WhiteTeamCountry "AUT"]
[BlackTeamCountry "AUT"]

1. c4 Nf6 2. g3 e6 3. Bg2 d5 4. Nf3 Be7 5. 0-0 0-0 6. b3 c5 7. Bb2 Nc6 8. cxd5 Nxd5 9. d4 b6 10. Nc3 Nxc3 11. Bxc3 Bb7 12. Rc1 Rc8 13. e3 Ba6 14. Re1 cxd4 15. Nxd4 Nxd4 16. Bxd4 Rxc1 17. Qxc1 Bb4 18. Bc3 Bxc3 19. Qxc3 Qd7 20. Bf3 Rc8 21. Qb4 Bb7 22. Bxb7 Qxb7 23. Qd6 h5 24. e4 Qc7 25. Qxc7 Rxc7 26. Re2 1/2-1/2

[Event "AUT-chT2O 2122"]
[Site "Austria"]
[Date "2021.10.17"]
[Round "2.3"]
[White "Belke, Frank"]
[Black "Hofmann, Thomas"]
[Result "1/2-1/2"]
[WhiteElo "2258"]
[BlackElo "2220"]
[PlyCount "51"]
[EventDate "2021.10.16"]
[EventType "team-tourn"]
[EventRounds "11"]
[EventCountry "AUT"]
[SourceTitle "CBM 204 Extra"]
[Source "ChessBase"]
[SourceDate "2021.11.30"]
[SourceVersion "1"]
[SourceVersionDate "2021.11.30"]
[SourceQuality "1"]
[WhiteTeam "Hietzing"]
[BlackTeam "Mistelbach/Altlichtenwarth"]
[WhiteTeamCountry "AUT"]
[BlackTeamCountry "AUT"]

1. d4 Nf6 2. c4 e6 3. Nc3 d5 4. Bg5 Be7 5. Nf3 0-0 6. Qc2 Nbd7 7. e3 a6 8. a3 dxc4 9. Bxc4 b5 10. Ba2 Bb7 11. Rd1 Rc8 12. Bb1 Re8 13. 0-0 Nf8 14. Ne5 c5 15. dxc5 Qc7 16. c6 Bxc6 17. Nxc6 Qxc6 18. Qe2 Bxa3 19. Bxf6 gxf6 20. Qg4+ Ng6 21. Nxb5 Qxb5 22. bxa3 f5 23. Qd4 Qa5 24. Qb4 Qxb4 25. axb4 Rc4 26. Bd3 1/2-1/2

[Event "AUT-ch Zwisch Internet"]
[Site "Playchess.com INT"]
[Date "2020.05.02"]
[Round "2"]
[White "Hofmann, Thomas"]
[Black "Halvax, Georg"]
[Result "0-1"]
[WhiteElo "2215"]
[BlackElo "2416"]
[PlyCount "118"]
[EventDate "2020.05.02"]
[EventType "swiss (blitz)"]
[EventRounds "13"]
[EventCountry "AUT"]
[SourceTitle "CBM 195 Extra"]
[Source "ChessBase"]
[SourceDate "2020.05.31"]
[SourceVersion "1"]
[SourceVersionDate "2020.05.31"]
[SourceQuality "1"]

1. d4 d5 2. c4 e6 3. Nc3 Bb4 4. e4 dxe4 5. Nge2 Nf6 6. a3 Bxc3+ 7. Nxc3 b6 8. Be2 Bb7 9. 0-0 h6 10. Be3 Nbd7 11. Qc2 0-0 12. Rad1 Qe7 13. h3 c5 14. d5 exd5 15. cxd5 Rfe8 16. d6 Qe5 17. Nb5 Red8 18. Qd2 Nf8 19. Bf4 Qf5 20. Bh2 a6 21. Nc7 Rac8 22. Nxa6 Ne6 23. Qe3 Nd4 24. Rxd4 cxd4 25. Qxd4 Rc2 26. Qxb6 Rd7 27. Bb5 Nd5 28. Bxd7 Qxd7 29. Qb3 Bxa6 30. Qxc2 Bxf1 31. Kxf1 e3 32. Qd3 Qc6 33. fxe3 Qc1+ 34. Kf2 Qxb2+ 35. Kf3 Nf6 36. e4 Nd7 37. e5 Qb7+ 38. Ke3 Qxg2 39. Bf4 Qxh3+ 40. Ke4 f5+ 41. Kd4 Qg4 42. Qc4+ Kh7 43. Kc3 Qf3+ 44. Kb4 Qb7+ 45. Kc3 Qf3+ 46. Kb4 Nb6 47. Qd4 Nd5+ 48. Kc5 Nxf4 49. d7 Ne6+ 50. Kc4 Qc6+ 51. Kd3 Nxd4 52. d8Q Qe4+ 53. Kc3 Ne2+ 54. Kd2 Qxe5 55. Qd3 Nf4 56. Qe3 Qxe3+ 57. Kxe3 g5 58. a4 Ne6 59. a5 Nc7 0-1

[Event "AUT-ch Zwisch Internet"]
[Site "Playchess.com INT"]
[Date "2020.05.02"]
[Round "7"]
[White "Schwabeneder, Florian"]
[Black "Hofmann, Thomas"]
[Result "1-0"]
[WhiteElo "2431"]
[BlackElo "2215"]
[PlyCount "75"]
[EventDate "2020.05.02"]
[EventType "swiss (blitz)"]
[EventRounds "13"]
[EventCountry "AUT"]
[SourceTitle "CBM 195 Extra"]
[Source "ChessBase"]
[SourceDate "2020.05.31"]
[SourceVersion "1"]
[SourceVersionDate "2020.05.31"]
[SourceQuality "1"]

1. e4 c5 2. Nf3 Nf6 3. e5 Nd5 4. Nc3 Nxc3 5. dxc3 Nc6 6. Bf4 Qb6 7. b3 Qc7 8. Bd3 e6 9. Qd2 h6 10. h4 b6 11. 0-0-0 a6 12. Qe3 b5 13. Be4 Bb7 14. h5 c4 15. g4 a5 16. Kb1 cxb3 17. cxb3 b4 18. Nd4 a4 19. Nxc6 Bxc6 20. Bxc6 Qxc6 21. c4 Bc5 22. Qd3 axb3 23. axb3 0-0 24. Bc1 Bxf2 25. Rdf1 Qb6 26. Bb2 Rfd8 27. Rh2 Bc5 28. g5 hxg5 29. h6 g6 30. h7+ Kg7 31. Qf3 f5 32. exf6+ Kf7 33. h8Q Rxh8 34. Rfh1 Rxh2 35. Rxh2 Rf8 36. Qe4 Qd6 37. Rh7+ Ke8 38. Qa8+ 1-0

[Event "AUT-ch Vor4 Internet"]
[Site "Playchess.com INT"]
[Date "2020.04.25"]
[Round "4"]
[White "Hofmann, Thomas"]
[Black "Egger, Stefanie"]
[Result "1-0"]
[WhiteElo "2215"]
[BlackElo "1442"]
[PlyCount "131"]
[EventDate "2020.04.25"]
[EventType "swiss (blitz)"]
[EventRounds "9"]
[EventCountry "AUT"]
[SourceTitle "EXT 2021"]
[Source "ChessBase"]
[SourceDate "2020.10.23"]
[SourceVersion "1"]
[SourceVersionDate "2020.10.23"]
[SourceQuality "1"]

1. b3 e5 2. Bb2 Nc6 3. e3 d6 4. Nf3 Bg4 5. Be2 Nf6 6. d4 e4 7. Nfd2 Bxe2 8. Qxe2 d5 9. Nc3 Bd6 10. f3 exf3 11. gxf3 Qe7 12. 0-0-0 0-0-0 13. Rhe1 Kb8 14. Nf1 Ba3 15. Ng3 Bxb2+ 16. Kxb2 Nb4 17. e4 dxe4 18. fxe4 Qe6 19. Qb5 Qb6 20. Qc4 Rhf8 21. a3 Nc6 22. Nge2 Na5 23. Qd3 h6 24. Na4 Qc6 25. Nec3 Qd6 26. e5 Qd7 27. exf6 gxf6 28. Nc5 Qd6 29. N3e4 Qd5 30. c4 Qh5 31. Qe2 Qf5 32. Rf1 Qh3 33. Rf3 Qh5 34. Nxf6 Qg5 35. Nfd7+ Kc8 36. Nxf8 Rxf8 37. Rxf7 Rxf7 38. Qe8+ Qd8 39. Qxf7 b6 40. Qe6+ Kb8 41. Qd7 Qg8 42. Ne4 Qg2+ 43. Nd2 Qxh2 44. Qe8+ Kb7 45. Qe4+ Nc6 46. d5 Nd8 47. d6+ Kc8 48. dxc7 Kxc7 49. Kc2 Qd6 50. Rh1 Qxa3 51. Rxh6 Qa2+ 52. Kd1 Qa1+ 53. Ke2 Qg7 54. Rh7 Qxh7 55. Qxh7+ Kc6 56. b4 b5 57. cxb5+ Kxb5 58. Qxa7 Nc6 59. Qc5+ Ka4 60. Qxc6+ Kxb4 61. Qc4+ Ka5 62. Qb3 Ka6 63. Nc4 Ka7 64. Nd6 Ka6 65. Qb4 Ka7 66. Qb7# 1-0

[Event "AUT-ch Vor4 Internet"]
[Site "Playchess.com INT"]
[Date "2020.04.25"]
[Round "3"]
[White "Hofmann, Thomas"]
[Black "Hebesberger, Thomas"]
[Result "0-1"]
[WhiteElo "2215"]
[BlackElo "2244"]
[PlyCount "104"]
[EventDate "2020.04.25"]
[EventType "swiss (blitz)"]
[EventRounds "9"]
[EventCountry "AUT"]
[SourceTitle "EXT 2021"]
[Source "ChessBase"]
[SourceDate "2020.10.23"]
[SourceVersion "1"]
[SourceVersionDate "2020.10.23"]
[SourceQuality "1"]

1. c4 c5 2. Nc3 g6 3. g3 Bg7 4. Bg2 Nc6 5. Nf3 Nh6 6. 0-0 Nf5 7. d3 0-0 8. a3 b6 9. Bd2 Bb7 10. Rb1 d6 11. b4 Qd7 12. b5 Ncd4 13. Nxd4 cxd4 14. Nd5 e6 15. Nb4 Bxg2 16. Kxg2 Ne7 17. Qc1 Rfc8 18. Bh6 Bh8 19. Qd2 d5 20. cxd5 Nxd5 21. Nc6 Ne7 22. Nxe7+ Qxe7 23. a4 Rc3 24. Rfc1 Rac8 25. Rxc3 dxc3 26. Qa2 Qf6 27. Be3 h5 28. Rc1 h4 29. d4 Qf5 30. f3 e5 31. dxe5 Qxe5 32. Bf4 Qf5 33. Qc2 h3+ 34. Kf2 Qc5+ 35. Kf1 Bd4 36. Re1 Bf2 37. Rd1 Bg1 38. e4 Bd4 39. Ke2 Bg1 40. Kf1 Be3 41. Bxe3 Qxe3 42. Rd3 Qc5 43. g4 Qe5 44. Ke1 Kg7 45. Kd1 Rc4 46. Kc1 Qc5 47. Kd1 Qg1+ 48. Ke2 Qxh2+ 49. Kd1 Qg1+ 50. Ke2 h2 51. Rxc3 Qg2+ 52. Ke3 Qxc2 0-1

[Event "AUT-ch Vor4 Internet"]
[Site "Playchess.com INT"]
[Date "2020.04.25"]
[Round "2"]
[White "Ragger, Anna Christina"]
[Black "Hofmann, Thomas"]
[Result "1/2-1/2"]
[WhiteElo "2204"]
[BlackElo "2215"]
[PlyCount "100"]
[EventDate "2020.04.25"]
[EventType "swiss (blitz)"]
[EventRounds "9"]
[EventCountry "AUT"]
[SourceTitle "EXT 2021"]
[Source "ChessBase"]
[SourceDate "2020.10.23"]
[SourceVersion "1"]
[SourceVersionDate "2020.10.23"]
[SourceQuality "1"]

1. d4 Nf6 2. c3 c5 3. dxc5 e6 4. Be3 a5 5. a4 Na6 6. Nf3 Nxc5 7. Bxc5 Bxc5 8. e3 0-0 9. Be2 d5 10. 0-0 Bd7 11. Nbd2 Bd6 12. Re1 Rc8 13. Bf1 Bb8 14. e4 dxe4 15. Nxe4 Nxe4 16. Rxe4 Bc6 17. Rd4 Qf6 18. Qe2 e5 19. Rg4 Rfd8 20. Re1 h5 21. Rg3 Re8 22. Rh3 g6 23. Qe3 Bxa4 24. Qg5 Qxg5 25. Nxg5 Bd7 26. Rd3 Bc6 27. Ne4 Bxe4 28. Rxe4 Rcd8 29. Ree3 f5 30. Rxd8 Rxd8 31. Bc4+ Kg7 32. Rd3 Rxd3 33. Bxd3 e4 34. Bc2 Kf6 35. h4 Ke5 36. g3 f4 37. gxf4+ Kxf4 38. Kg2 Bd6 39. Bb3 Be7 40. Bf7 Kf5 41. Kh3 Bc5 42. Kg2 a4 43. Be8 a3 44. bxa3 Bxa3 45. c4 b6 46. Bd7+ Kf4 47. Be8 Kf5 48. Bd7+ Kf6 49. Bc6 Ke5 50. Be8 Kf5 1/2-1/2

[Event "AUT-ch Vor4 Internet"]
[Site "Playchess.com INT"]
[Date "2020.04.25"]
[Round "9"]
[White "Wiedermann, Daniel"]
[Black "Hofmann, Thomas"]
[Result "1-0"]
[WhiteElo "2048"]
[BlackElo "2215"]
[PlyCount "77"]
[EventDate "2020.04.25"]
[EventType "swiss (blitz)"]
[EventRounds "9"]
[EventCountry "AUT"]
[SourceTitle "EXT 2021"]
[Source "ChessBase"]
[SourceDate "2020.10.23"]
[SourceVersion "1"]
[SourceVersionDate "2020.10.23"]
[SourceQuality "1"]

1. d4 Nf6 2. c4 c5 3. d5 b5 4. cxb5 a6 5. f3 g6 6. e4 d6 7. Nc3 Bg7 8. a4 0-0 9. Be3 Nbd7 10. Nh3 axb5 11. Bxb5 Nb6 12. Nf2 Ba6 13. 0-0 Bxb5 14. axb5 Qd7 15. Qe2 Rfb8 16. Rfd1 Ne8 17. f4 Nc7 18. Rxa8 Rxa8 19. e5 Na4 20. Nxa4 Rxa4 21. b6 Ne8 22. b3 Rb4 23. Rb1 Rxb6 24. b4 Qb7 25. exd6 exd6 26. Bxc5 dxc5 27. Qxe8+ Bf8 28. Ne4 cxb4 29. d6 Qa7 30. d7 Rb8+ 31. Kh1 Qa8 32. Nf6+ Kg7 33. Qe5 h6 34. Ne8+ Kg8 35. Nf6+ Kg7 36. Ne8+ Kh7 37. Nf6+ Kh8 38. Ne8+ Bg7 39. Qxg7# 1-0

[Event "AUT-ch Vor3 Internet"]
[Site "Playchess.com INT"]
[Date "2020.04.17"]
[Round "3"]
[White "Hofmann, Thomas"]
[Black "Dreher, David"]
[Result "1-0"]
[WhiteElo "2215"]
[BlackElo "1888"]
[PlyCount "61"]
[EventDate "2020.04.17"]
[EventType "swiss (blitz)"]
[EventRounds "9"]
[EventCountry "AUT"]
[SourceTitle "CBM 195 Extra"]
[Source "ChessBase"]
[SourceDate "2020.05.31"]
[SourceVersion "1"]
[SourceVersionDate "2020.05.31"]
[SourceQuality "1"]

1. d4 d5 2. c4 Nc6 3. cxd5 Qxd5 4. e3 e5 5. Nc3 Bb4 6. Bd2 Bxc3 7. bxc3 Nf6 8. c4 Qd6 9. d5 Ne7 10. Qb3 Nd7 11. Bb4 Nc5 12. Qa3 b6 13. Nf3 Bg4 14. Be2 0-0 15. 0-0 f5 16. Bxc5 bxc5 17. Qb2 Bxf3 18. Bxf3 e4 19. Be2 Rab8 20. Qa3 Rb7 21. Rab1 Rfb8 22. Rxb7 Rxb7 23. Qa4 Kf7 24. h3 g6 25. f3 Rb2 26. Qd1 exf3 27. Bxf3 Rxa2 28. e4 fxe4 29. Bxe4+ Kg7 30. Qf3 Qe5 31. Qf8# 1-0

[Event "AUT-ch Vor3 Internet"]
[Site "Playchess.com INT"]
[Date "2020.04.17"]
[Round "8"]
[White "Hofmann, Thomas"]
[Black "Mostbauer, Maximilian"]
[Result "1/2-1/2"]
[WhiteElo "2215"]
[BlackElo "2217"]
[PlyCount "258"]
[EventDate "2020.04.17"]
[EventType "swiss (blitz)"]
[EventRounds "9"]
[EventCountry "AUT"]
[SourceTitle "CBM 195 Extra"]
[Source "ChessBase"]
[SourceDate "2020.05.31"]
[SourceVersion "1"]
[SourceVersionDate "2020.05.31"]
[SourceQuality "1"]

1. d4 e6 2. c4 b6 3. e4 Bb7 4. Bd3 Bb4+ 5. Bd2 Be7 6. Nc3 d6 7. f3 Nd7 8. Be3 e5 9. d5 Ngf6 10. Nge2 a5 11. a4 Nc5 12. Bc2 Nh5 13. Qd2 Nf6 14. b3 Qd7 15. 0-0-0 Na6 16. Kb2 Nb4 17. Bb1 h6 18. g4 0-0-0 19. h3 Kb8 20. Ng3 g5 21. Nf5 Nh7 22. Rde1 f6 23. Bf2 Nf8 24. Be3 Ng6 25. Bf2 c5 26. Be3 Nf4 27. Bf2 h5 28. Bg3 h4 29. Bf2 Bc8 30. Be3 Kb7 31. Nb5 Kb8 32. Bc2 Bb7 33. Bb1 Rc8 34. Bf2 Rhg8 35. Be3 Rgf8 36. Nh6 Rfe8 37. Nf5 Bf8 38. Rc1 Bg7 39. Rce1 Rg8 40. Bf2 Ba6 41. Be3 Ka8 42. Bf2 Rb8 43. Qc1 Rh8 44. Qd2 Rh7 45. Rc1 Rh6 46. Be3 Rh7 47. Bf2 Rhh8 48. Be3 Rhf8 49. Rhe1 Rf7 50. Rh1 Re7 51. Rcf1 Ree8 52. Bxf4 Red8 53. Re1 exf4 54. Rd1 Re8 55. Ka3 Re5 56. Qc3 Rd8 57. Qd2 Qc8 58. Qc3 Qb8 59. Rc1 Kb7 60. Rcd1 Rd7 61. Kb2 Qf8 62. Kc1 Kb8 63. Kd2 Bb7 64. Ke1 Ba6 65. Kf2 Bc8 66. Kg2 Rd8 67. Rde1 Kb7 68. Rd1 Bd7 69. Rhe1 Bxf5 70. exf5 Rde8 71. Be4 R8e7 72. Re2 Qd8 73. Rde1 Qd7 74. Bb1 Bf8 75. Kf2 Rxe2+ 76. Rxe2 Rxe2+ 77. Kxe2 Qe7+ 78. Be4 Qe5 79. Qxe5 dxe5 80. Kd2 Kc8 81. Kc3 Kd7 82. Na3 Bd6 83. Nb5 Na6 84. Na3 Nc7 85. Nb1 Na6 86. Nd2 Nb4 87. Nf1 Bc7 88. Nd2 Bd8 89. Nb1 Be7 90. Kd2 Bd8 91. Nc3 Bc7 92. Nb5 Bd6 93. Nc3 Be7 94. Nd1 Na6 95. Nf2 Nc7 96. Kc3 Ne8 97. Nd3 Nd6 98. Nf2 Bd8 99. Kd3 Bc7 100. Kc3 Bb8 101. Kd3 Ba7 102. Kd2 Ke8 103. Kd3 Kf7 104. Kd2 Kg7 105. Ke2 Kh6 106. Kd3 Kh7 107. Kc3 Kg8 108. Kd2 Kf7 109. Kc2 Ke8 110. Kd3 Kd7 111. Kd2 Kc7 112. Kc3 Kb7 113. Kd3 Bb8 114. Kc2 Bc7 115. Kd2 Kc8 116. Kd3 Kd7 117. Kc3 Ke7 118. Kc2 Kf7 119. Kd3 Bb8 120. Kd2 Nc8 121. Kc3 Bd6 122. Kd3 Kg7 123. Kd2 Kh6 124. Kd3 Kh7 125. Kc3 Kh8 126. Kc2 Kg8 127. Kd3 Kg7 128. Kd2 Kf7 129. Kc3 Kf8 1/2-1/2

[Event "AUT-ch Vor3 Internet"]
[Site "Playchess.com INT"]
[Date "2020.04.17"]
[Round "9"]
[White "Schneider Zinner, Harald"]
[Black "Hofmann, Thomas"]
[Result "0-1"]
[WhiteElo "2381"]
[BlackElo "2215"]
[PlyCount "68"]
[EventDate "2020.04.17"]
[EventType "swiss (blitz)"]
[EventRounds "9"]
[EventCountry "AUT"]
[SourceTitle "CBM 195 Extra"]
[Source "ChessBase"]
[SourceDate "2020.05.31"]
[SourceVersion "1"]
[SourceVersionDate "2020.05.31"]
[SourceQuality "1"]

1. d4 Nf6 2. g3 e6 3. Bg2 d5 4. c4 dxc4 5. Qa4+ Bd7 6. Qxc4 Bc6 7. Nf3 Bd5 8. Qc2 Be4 9. Qd1 c5 10. Nc3 Bc6 11. 0-0 Nbd7 12. Bg5 cxd4 13. Nxd4 Bxg2 14. Kxg2 Be7 15. Qd2 0-0 16. Rfd1 Qb6 17. Na4 Qa6 18. b3 Ne4 19. Bxe7 Nxd2 20. Bxf8 Nxf8 21. Rxd2 e5 22. Nf5 Qe6 23. e4 g6 24. Rd6 Qe8 25. Ne3 Rd8 26. Rad1 Rxd6 27. Rxd6 Ne6 28. Nd5 Kg7 29. Ne3 Qe7 30. Rd1 Qb4 31. Nb2 Qxe4+ 32. Kg1 Nd4 33. Nbc4 b5 34. Nd6 Qc6 0-1

[Event "AUT-ch Vor3 Internet"]
[Site "Playchess.com INT"]
[Date "2020.04.17"]
[Round "1"]
[White "Schroettner, Martin"]
[Black "Hofmann, Thomas"]
[Result "1/2-1/2"]
[WhiteElo "1934"]
[BlackElo "2215"]
[PlyCount "94"]
[EventDate "2020.04.17"]
[EventType "swiss (blitz)"]
[EventRounds "9"]
[EventCountry "AUT"]
[SourceTitle "CBM 195 Extra"]
[Source "ChessBase"]
[SourceDate "2020.05.31"]
[SourceVersion "1"]
[SourceVersionDate "2020.05.31"]
[SourceQuality "1"]

1. Nf3 c5 2. c4 g6 3. Nc3 Bg7 4. g3 Nc6 5. Bg2 e5 6. d3 Nge7 7. 0-0 0-0 8. a3 d6 9. e4 a5 10. h3 Rb8 11. Be3 f6 12. Qd2 Be6 13. Bh6 Qd7 14. Bxg7 Kxg7 15. Kh2 Nd4 16. Nxd4 cxd4 17. Nb5 b6 18. b4 Nc6 19. Rab1 axb4 20. axb4 Ra8 21. Ra1 g5 22. f4 h6 23. f5 Bf7 24. Rfb1 Rfb8 25. Qb2 Kf8 26. Ra2 Ke7 27. Rba1 Qb7 28. Bf3 Rxa2 29. Rxa2 Ra8 30. Ra3 Be8 31. Qb3 Ra6 32. Rxa6 Qxa6 33. Nc7 Qa1 34. Nd5+ Kf7 35. Nxb6 Kg7 36. c5 Bf7 37. Nd5 dxc5 38. bxc5 Qc1 39. Qb6 Qd2+ 40. Bg2 Bxd5 41. exd5 Nb4 42. Qc7+ Kg8 43. Qd8+ Kf7 44. Qd7+ Kf8 45. Qd8+ Kf7 46. Qd7+ Kf8 47. Qd8+ Kf7 1/2-1/2

[Event "AUT-ch Vor3 Internet"]
[Site "Playchess.com INT"]
[Date "2020.04.17"]
[Round "4"]
[White "Streiter, Gerhard"]
[Black "Hofmann, Thomas"]
[Result "0-1"]
[WhiteElo "1973"]
[BlackElo "2215"]
[PlyCount "88"]
[EventDate "2020.04.17"]
[EventType "swiss (blitz)"]
[EventRounds "9"]
[EventCountry "AUT"]
[SourceTitle "CBM 195 Extra"]
[Source "ChessBase"]
[SourceDate "2020.05.31"]
[SourceVersion "1"]
[SourceVersionDate "2020.05.31"]
[SourceQuality "1"]

1. e4 c5 2. Nf3 Nf6 3. Nc3 d5 4. exd5 Nxd5 5. Bb5+ Bd7 6. Qe2 Nxc3 7. dxc3 a6 8. Bd3 Nc6 9. Bf4 e6 10. 0-0-0 Qa5 11. Kb1 h6 12. h4 Be7 13. g4 Qa4 14. Bc1 Qxg4 15. Rdg1 Qh5 16. Rxg7 Bf6 17. Rgg1 0-0-0 18. Be3 Nb8 19. Be4 Bc6 20. Bxc6 Nxc6 21. Re1 Rd5 22. Nd2 Qxe2 23. Rxe2 b6 24. Ne4 Be7 25. h5 Ne5 26. Bf4 Nf3 27. Nd2 Nxd2+ 28. Rxd2 Rf5 29. Bg3 Rd8 30. Kc1 Bg5 31. f4 Bxf4 32. Bxf4 Rxf4 33. Rxd8+ Kxd8 34. Kd2 Ke7 35. Ke3 e5 36. Rd1 Rh4 37. Rd5 Rxh5 38. Ke4 f6 39. a4 Ke6 40. Rd2 f5+ 41. Kf3 e4+ 42. Kf4 Rh4+ 43. Kg3 Rg4+ 44. Kf2 f4 0-1

[Event "AUT-chT2O 1920"]
[Site "Austria"]
[Date "2019.11.17"]
[Round "4.4"]
[White "Hofmann, Thomas"]
[Black "Sadilek, Peter"]
[Result "0-1"]
[WhiteElo "2228"]
[BlackElo "2280"]
[PlyCount "62"]
[EventDate "2019.10.19"]
[EventType "team-tourn"]
[EventRounds "11"]
[EventCountry "AUT"]
[SourceTitle "CBM 193 Extra"]
[Source "ChessBase"]
[SourceDate "2020.01.31"]
[SourceVersion "1"]
[SourceVersionDate "2020.01.31"]
[SourceQuality "1"]
[WhiteTeam "Mistelbach/Altlichtenwarth"]
[BlackTeam "Tschaturanga"]
[WhiteTeamCountry "AUT"]
[BlackTeamCountry "AUT"]

1. d4 d5 2. c4 c6 3. Nc3 Nf6 4. cxd5 cxd5 5. f3 Qb6 6. e3 Nc6 7. Bd3 e5 8. Nge2 Bd6 9. 0-0 0-0 10. Kh1 a6 11. Bc2 Qc7 12. f4 exd4 13. exd4 Bg4 14. h3 Bxe2 15. Nxe2 Rfe8 16. Nc3 Qb6 17. Bb3 Nxd4 18. Nxd5 Nxd5 19. Bxd5 Ne2 20. Kh2 Rac8 21. Qa4 Bc5 22. Qb3 Bg1+ 23. Kh1 Bf2 24. Rd1 Qxb3 25. Bxb3 Rcd8 26. g4 Rxd1+ 27. Bxd1 Bd4 28. Kg2 g6 29. Bd2 Bxb2 30. Rb1 Bc3 31. Kf3 Nd4+ 0-1

[Event "Schwarzach op 34th"]
[Site "Schwarzach"]
[Date "2019.07.21"]
[Round "9"]
[White "Mufic, Goran"]
[Black "Hofmann, Thomas"]
[Result "1/2-1/2"]
[WhiteElo "2289"]
[BlackElo "2223"]
[PlyCount "150"]
[EventDate "2019.07.13"]
[EventType "swiss"]
[EventRounds "9"]
[EventCountry "AUT"]
[SourceTitle "EXT 2020"]
[Source "ChessBase"]
[SourceDate "2019.10.17"]
[SourceVersion "1"]
[SourceVersionDate "2019.10.17"]
[SourceQuality "1"]

1. e4 e5 2. Nf3 Nc6 3. Bb5 a6 4. Ba4 Nf6 5. d4 exd4 6. 0-0 Be7 7. e5 Ne4 8. Nxd4 Nxd4 9. Qxd4 Nc5 10. Nc3 Nxa4 11. Qxa4 0-0 12. Bf4 d5 13. exd6 Bxd6 14. Rad1 Bd7 15. Qd4 Bc6 16. Bxd6 cxd6 17. Rd3 Re8 18. Rg3 g6 19. Rd1 Qa5 20. Rgd3 Re6 21. Re3 Rxe3 22. Qxe3 Qb4 23. b3 Re8 24. Qd3 Re5 25. f3 Qc5+ 26. Qd4 Qa5 27. Rd3 Re6 28. Kf2 Qh5 29. h3 Qg5 30. Re3 Qe7 31. a4 Rxe3 32. Qxe3 Qf6 33. Ne2 Qf5 34. Nd4 Qc5 35. Ke2 b5 36. axb5 axb5 37. c3 Bd7 38. b4 Qd5 39. Kf2 Be6 40. Qe2 Qc4 41. Qxc4 Bxc4 42. h4 Kg7 43. g4 Kf6 44. f4 h5 45. g5+ Ke7 46. Ke3 Kd7 47. Ke4 Bf1 48. f5 Ke7 49. Nc2 Kd7 50. Ne3 Be2 51. Nd5 Bd1 52. fxg6 fxg6 53. Nf4 Kc6 54. Kd4 Bc2 55. Nd5 Kd7 56. c4 bxc4 57. Kxc4 Ke6 58. Kd4 Ba4 59. Nf4+ Kf5 60. Nxg6 Kxg6 61. Kd5 Kf5 62. Kxd6 Be8 63. Kc5 Ke6 64. b5 Kd7 65. Kd5 Kc7 66. Kc5 Kb7 67. b6 Bf7 68. Kd6 Kxb6 69. Ke7 Bg6 70. Kf6 Bd3 71. g6 Kc6 72. g7 Bc4 73. Kg6 Kd6 74. Kxh5 Ke7 75. Kg6 Bd3+ 1/2-1/2